Word Scramble a-z: F - Statistics

General Stats
  • This quiz has been taken 18 times
  • The average score is 12 of 15
Answer Stats
Hint Answer % Correct
blfea fable
100%
dacafe facade
100%
yfiaml family
100%
wnfa fawn
100%
sftir first
100%
efeerz freeze
100%
ifenrd friend
100%
nunfy funny
100%
igfnl fling
92%
olrafl floral
85%
orwruf furrow
85%
lfila flail
54%
roiftyf fortify
46%
rifkocl frolick
38%
iltaferya fairytale
0%
No matching quizzes found
Score Distribution
Percent of People with Each Score
Percentile by Number Answered
Your Score History
You have not taken this quiz